10 Women by Peter Lindbergh

Saved in:
Bibliographic Details
Other Authors Lindbergh, Peter, 1944-2019 (Photographer), Lagerfeld, Karl, 1938-2019 (wfw)
Format Book
LanguageEnglish
Published [Německo] : te Neues : Schirmer / Mosel, [1996]
Subjects
ISBN3-8238-1416-8
Physical Description120 nečíslovaných stran : černobílé ilustrace, portréty ; 30 cm

Cover

LEADER 00000nam a2200000 i 4500
001 115691
003 CZ-ZlUTB
005 20260529085400.0
007 ta
008 260522t19961996gw ac e 001 0 eng d
020 |a 3-8238-1416-8  |q (vázáno) 
040 |a ZLD002  |b cze  |e rda 
072 7 |a 77  |x Fotografie. Fotografické postupy  |2 Konspekt  |9 21 
080 |a 687.5.01-055.2  |2 MRF 
080 |a 77.04:391  |2 MRF 
080 |a 77.04  |2 MRF 
080 |a 77.041.5  |2 MRF 
080 |a (084.12)  |2 MRF 
080 |a (084.11)  |2 MRF 
100 1 |a Lindbergh, Peter,  |d 1944-2019  |7 xx0181140  |4 pht 
245 1 0 |a 10 Women by Peter Lindbergh /  |c Peter Lindbergh ; preface by Karl Lagerfeld 
264 1 |a [Německo] :  |b te Neues :  |b Schirmer / Mosel,  |c [1996] 
264 4 |c ©1996 
300 |a 120 nečíslovaných stran :  |b černobílé ilustrace, portréty ;  |c 30 cm 
336 |a text  |b txt  |2 rdacontent 
336 |a statický obraz  |b sti  |2 rdacontent 
337 |a bez média  |b n  |2 rdamedia 
338 |a svazek  |b nc  |2 rdacarrier 
500 |a Obsahuje rejstřík 
600 1 7 |a Lindbergh, Peter,  |d 1944-2019  |7 xx0181140  |2 czenas 
650 0 7 |a modelky  |7 ph122931  |2 czenas 
650 0 7 |a módní fotografie  |7 ph432989  |2 czenas 
650 0 7 |a umělecká fotografie  |7 ph126879  |2 czenas 
650 0 7 |a portrétní fotografie  |7 ph124370  |2 czenas 
650 0 9 |a female models  |2 eczenas 
650 0 9 |a fashion photography  |2 eczenas 
650 0 9 |a artistic photography  |2 eczenas 
650 0 9 |a portrait photography  |2 eczenas 
655 7 |a fotografické publikace  |7 fd132276  |2 czenas 
655 7 |a obrazové publikace  |7 fd132947  |2 czenas 
655 9 |a photographical works  |2 eczenas 
655 9 |a pictorial works  |2 eczenas 
700 1 |a Lagerfeld, Karl,  |d 1938-2019  |7 xx0063572  |4 wfw 
910 |a ZLD002 
942 |2 udc 
952 |0 0  |1 0  |4 0  |5 0  |6 77LINDBERGHP  |7 -1  |8 BOOK  |9 191261  |a UTBZL  |b UTBZL  |c 005  |d 2026-05-22  |l 0  |o 77/LINDBERGH,P.  |p 420010202166  |r 2026-05-22 09:16:38  |v 1138.00  |w 2026-05-22  |x N:nákup  |y 01 
992 |a BK  |b SK 
999 |c 115691  |d 115691